FC Bayern München Kader 2023/2024 - Statistiken

Allgemein
  • Dieses Quiz wurde 859 mal gespielt
  • Das Durchschnittsergebnis liegt bei 22 aus 27
Antwortstatistiken
Hint Antwort % Korrekt
1 - TW - Deutschland Manuel Neuer
100%
3 - IV - Südkorea Min-jae Kim
97%
9 - ST - England Harry Kane
96%
6 - RV - Deutschland Joshua Kimmich
95%
10 - RF - Deutschland Leroy Sané
94%
25 - MS - Deutschland Thomas Müller
94%
19 - LV - Kanada Alphonso Davies
93%
2 - IV - Frankreich Dayot Upamecano
92%
42 - OM - Deutschland Jamal Musiala
92%
11 - LF - Frankreich Kingsley Coman
91%
8 - ZM - Deutschland Leon Goretzka
91%
4 - IV - Niederlande Matthijs de Ligt
91%
7 - RF - Deutschland Serge Gnabry
91%
26 - TW - Deutschland Sven Ulreich
91%
15 - IV - England Eric Dier
87%
27 - ZM - Österreich Konrad Laimer
87%
39 - LF/ST - Frankreich Mathys Tel
83%
45 - DM - Deutschland Aleksandar Pavlovic
77%
13 - ST - Kamerun Eric-Maxim Choupo-Moting
76%
40 - RV - Marokko Noussair Mazraoui
75%
22 - LV - Portugal Raphaël Guerreiro
75%
20 - RV - Senegal Bouna Sarr
74%
18 - TW - Israel Daniel Peretz
70%
17 - LF - Spanien Bryan Zaragoza
61%
23 - RV - Frankreich Sacha Boey
58%
28 - IV - Deutschland Tarek Buchmann
39%
42 - TW - Deutschland Tom Hülsmann
25%
Keine übereinstimmenden Quizze gefunden
Verteilung der Resultate
Anzahl Personen mit jedem Resultat
Perzentil nach korrekt beantworteten Fragen
Ihre Resultats-Entwicklung
Sie haben dieses Quiz noch nicht gespielt